[Event "ROM-ch U08"]
[Site "Calimanesti Caciulata"]
[Date "2019.04.19"]
[Round "6"]
[White "Radu, Albert Cristian"]
[Black "Miko, David"]
[Result "0-1"]
[WhiteElo "1001"]
[BlackElo "1124"]
[PlyCount "82"]
[EventDate "2019.04.15"]
[EventType "swiss"]
[EventRounds "9"]
[EventCountry "ROU"]
[SourceTitle "CBM 190 Extra"]
[Source "ChessBase"]
[SourceDate "2019.07.15"]
[SourceVersion "1"]
[SourceVersionDate "2019.07.15"]
[SourceQuality "1"]

1. d4 f5 2. Bg5 h6 3. Bh4 b6 4. Nc3 Bb7 5. Nf3 Nf6 6. Bxf6 exf6 7. Qd3 Be7 8. e4 fxe4 9. Nxe4 Ba6 10. Qe3 Bb7 11. Bc4 d5 12. Bd3 dxe4 13. Bxe4 Bxe4 14. Qxe4 Nd7 15. Qe6 c5 16. d5 Rc8 17. d6 Rc6 18. dxe7 Rxe6+ 19. Kf1 Qxe7 20. c3 0-0 21. b4 c4 22. Nd4 Re4 23. Nf5 Qe6 24. Ng3 Re5 25. h3 Re8 26. Kg1 f5 27. Nf1 Qg6 28. Ne3 b5 29. g4 f4 30. Ng2 Nf6 31. Nxf4 Qg5 32. Ng2 Nxg4 33. hxg4 Qxg4 34. Kf1 Rg5 35. Ne3 Qf4 36. Nd5 Rxd5 37. Re1 Rxe1+ 38. Kxe1 Qc1+ 39. Ke2 Qd2+ 40. Kf3 Rf5+ 41. Ke4 Qf4# 0-1

[Event "ROM-ch U08"]
[Site "Baile Felix"]
[Date "2017.02.07"]
[Round "7"]
[White "Onica, Victor Dominic"]
[Black "Miko, David"]
[Result "1/2-1/2"]
[WhiteElo "1410"]
[BlackElo "1001"]
[PlyCount "57"]
[EventDate "2017.02.02"]
[EventType "swiss"]
[EventRounds "9"]
[EventCountry "ROU"]
[SourceTitle "CBM 176 Extra"]
[Source "ChessBase"]
[SourceDate "2017.03.02"]
[SourceVersion "1"]
[SourceVersionDate "2017.03.02"]
[SourceQuality "1"]

1. e4 c5 2. Nc3 d5 3. Nge2 e6 4. g3 Nc6 5. Bg2 Nge7 6. 0-0 Ng6 7. d3 Be7 8. Be3 e5 9. f4 exf4 10. Bxf4 Nxf4 11. Nxf4 0-0 12. Nfe2 Bd7 13. a3 Qc8 14. d4 cxd4 15. Nxd4 Nxd4 16. Qxd4 Bd8 17. Rac1 Bb6 18. Qxb6 axb6 19. Nxd5 Qc5+ 20. Kh1 Bg4 21. b4 Qd4 22. c3 Qd3 23. Nxb6 Rxa3 24. Nd5 Qd2 25. Rg1 Ra2 26. Rce1 Bh3 27. Nf4 Bxg2+ 28. Nxg2 Re8 29. b5 1/2-1/2

[Event "ROM-ch U08"]
[Site "Baile Felix"]
[Date "2017.02.06"]
[Round "6"]
[White "Miko, David"]
[Black "Cruceru Uceanu, Tudor Mihai"]
[Result "1-0"]
[WhiteElo "1001"]
[BlackElo "1057"]
[PlyCount "41"]
[EventDate "2017.02.02"]
[EventType "swiss"]
[EventRounds "9"]
[EventCountry "ROU"]
[SourceTitle "CBM 176 Extra"]
[Source "ChessBase"]
[SourceDate "2017.03.02"]
[SourceVersion "1"]
[SourceVersionDate "2017.03.02"]
[SourceQuality "1"]

1. e4 e5 2. Nf3 Nc6 3. Bc4 Nf6 4. Ng5 d5 5. exd5 Na5 6. Bb3 Be7 7. Nxf7 Kxf7 8. 0-0 Nxd5 9. Qf3+ Ke6 10. Nc3 c6 11. Re1 Rf8 12. Qe2 Bf6 13. Ne4 Qe7 14. c3 Kd7 15. Qg4+ Kc7 16. Qe2 Qd8 17. Nc5 Re8 18. c4 Nb4 19. d4 exd4 20. Bf4+ Re5 21. Bxe5+ 1-0

[Event "ROM-ch U08"]
[Site "Baile Felix"]
[Date "2017.02.05"]
[Round "4"]
[White "Miko, David"]
[Black "Nica, Tudor Stefan"]
[Result "0-1"]
[WhiteElo "1001"]
[BlackElo "1170"]
[PlyCount "25"]
[EventDate "2017.02.02"]
[EventType "swiss"]
[EventRounds "9"]
[EventCountry "ROU"]
[SourceTitle "CBM 176 Extra"]
[Source "ChessBase"]
[SourceDate "2017.03.02"]
[SourceVersion "1"]
[SourceVersionDate "2017.03.02"]
[SourceQuality "1"]

1. e4 e6 2. d4 d5 3. exd5 exd5 4. Bd3 Nc6 5. Nf3 Bd6 6. 0-0 Bg4 7. Re1+ Nge7 8. Be2 Qd7 9. h3 Bh5 10. Bf1 Nb8 11. Nc3 c6 12. Ne2 Qc7 13. Qd3 0-1

[Event "ROM-ch U08"]
[Site "Baile Felix"]
[Date "2017.02.03"]
[Round "2"]
[White "Miko, David"]
[Black "Amititeloaie, Rares"]
[Result "1-0"]
[WhiteElo "1001"]
[BlackElo "1113"]
[PlyCount "30"]
[EventDate "2017.02.02"]
[EventType "swiss"]
[EventRounds "9"]
[EventCountry "ROU"]
[SourceTitle "CBM 176 Extra"]
[Source "ChessBase"]
[SourceDate "2017.03.02"]
[SourceVersion "1"]
[SourceVersionDate "2017.03.02"]
[SourceQuality "1"]

1. e4 c5 2. Nf3 e6 3. d4 cxd4 4. Nxd4 d6 5. Nf3 g6 6. e5 Qa5+ 7. Bd2 Qb6 8. exd6 Bxd6 9. Be3 Qxb2 10. Nbd2 Bb4 11. Bd4 Bc3 12. Bxc3 Qxc3 13. Be2 Nf6 14. 0-0 0-0 15. Qe1 Rd8 1-0